Applied mechanics of solids / (رقم التسجيلة. 32384)

تفاصيل مارك
000 -الفاتح
حقل البيانات ثابتة الطول 01760cam a2200325 a 4500
001 - رقم الضبط
رقم الضبط 15821606
003 - محدد رقم الضبط
رقم الضبط OSt
005 - وقت وتاريخ اخر تعامل مع التسجيلة
رقم الضبط 20150408114155.0
008 - عناصر البيانات ثابتة الطول - معلومات عامة
حقل البيانات ثابتة الطول 090717s2010 flua b 001 0 eng
010 ## - رقم ضبط مكتبة الكونجرس
رقم ضبط مكتبة الكونجرس 2009026764
020 ## - الرقم الدولى المعيارى للكتب
الرقم الدولى المعيارى للكتاب 9781439802472 (hardcover : alk. paper)
020 ## - الرقم الدولى المعيارى للكتب
الرقم الدولى المعيارى للكتاب 1439802475 (hardcover : alk. paper)
035 ## - رقم ضبط النظام
رقم ضبط النظام (OCoLC)ocn277196164
040 ## - مصدر الفهرسة
وكالة الفهرسة الأصلية DLC
وكالة النسخ DLC
وكالة التعديل BTCTA
-- YDXCP
-- C#P
-- OKU
-- DLC
050 00 - رقم طلب مكتبة الكونجرس
رقم التصنيف TA405
رقم المادة .B676 2010
082 00 - رقم تصنيف ديوى العشرى
رقم التصنيف 620.105
رقم الطبعة 22
رقم المادة BAA
100 1# - المدخل الرئيسى - إسم شخصى
الإسم الشخصى Bower, Allan F.
9 (RLIN) 40570
245 10 - بيان العنوان
العنوان Applied mechanics of solids /
بيان المسئوليه,etc Allan F. Bower.
260 ## - PUBLICATION, DISTRIBUTION, ETC. (IMPRINT)
مكان الناشر او الموزع Boca Raton :
اسم الناشر او الموزع CRC Press,
تاريخ النشر أو التوزيع c2010.
300 ## - الوصف المادى
التعداد xxv, 794 p. :
تفاصيل ماديه اخرى للوعاء ill. ;
أبعاد الوعاء 27 cm.
504 ## - تبصرة ببليوجرافية
تبصرة ببليوجرافية,الخ Includes bibliographical references and index.
505 0# - تبصرة محتويات-الفهرس
تبصرة المحتويات المصاغة Governing equations -- Constitutive models : relations between stress and strain -- Solutions to simple boundary and initial value problems -- Solutions for linear elastic solids -- Solutions for plastic solids -- Finite element analysis -- Finite element analysis : theory and implementation -- Modeling material failure -- Solutions for rods, beams, membranes, plates, and shells -- Appendix A : review of vectors and matrices -- Appendix B : introduction to tensors and their properties -- Appendix C : index notation for vector and tensor operations -- Appendix D : vectors and tensor operations in polar coordinates -- Appendix E : miscellaneous derivations.
650 #0 - المدخل الاضافى بالموضوع-مصطلح موضوعى
مصطلح موضوعي أو اسم جغرافي كعنصر مدخل Mechanics, Applied.
650 #0 - المدخل الاضافى بالموضوع-مصطلح موضوعى
مصطلح موضوعي أو اسم جغرافي كعنصر مدخل Solids.
9 (RLIN) 19064
650 #0 - المدخل الاضافى بالموضوع-مصطلح موضوعى
مصطلح موضوعي أو اسم جغرافي كعنصر مدخل Elasticity.
9 (RLIN) 40016
650 #0 - المدخل الاضافى بالموضوع-مصطلح موضوعى
مصطلح موضوعي أو اسم جغرافي كعنصر مدخل Strength of materials.
9 (RLIN) 12054
906 ## - عنصر بيانات محلى F, LDF (RLIN)
a 7
b cbc
c orignew
d 1
e ecip
f 20
g y-gencatlg
942 ## - عناصر المدخل الإضافي( كوها)
مصدر التصنيف او مخطط الترفيف Dewey Decimal Classification
Koha [default] item type DVD
المقتنيات
حالة الفقد نموذج السعر الفعال حالة تلف ليس للاعارة رقم الطلب تاريخ الاكتساب الموقع الحالي الفرع الرئيسي Date last seen نوع المادة فى نظام كوها مصدر التصنيف او خطة الترفيف Total Checkouts
  2013-11-18     620.105 BAA 2013-11-18 المكتبة المركزية بالمجمعة (CL) المكتبة المركزية بالمجمعة (CL) 2013-11-18 كتاب Dewey Decimal Classification